00618nam a22001697a 450000500170000001000130001702000250003003500110005503700130006608200120007910000260009124501000011724600710021726000520028827000860034030000220042620190801155918.0 aUR-10327 c200.00a789388356978 aU-8882 bDBAD/PUB a781.440 aمنو ر ر ا ہی  aہند و ستا نی فلمو ں کا ا ر د و سے ر شتہ cمنو ر ر ا ہی  bHindustani Filmon Ka Urdu Se Rishta (Urdu)aby Dr.Munauwar Rahi  aDelhibEducational Publishing House c2018 ء  a3191,Vakil Street,Kucha Pandit,Lal Kuan,bDelhie110006k23214465l00911123211540 a160 صc22 Cm(Hb)